00988nam a2200229 a 4500003000200000005001700002008004100019050003300060100003500093245010000128260009300228300004000321504004100361650004500402650004600447650002900493650003200522650004000554942001400594999001700608952013300625020250301090325.0100902s19uu xx 00 eng d aPGS SH 365.5.S25b.C142 2010 aCalara, Francheska Vittoria N. aThe effects of Salmonella in mussel production in Bacoor Bay /cFrancheska Vittoria N. Calara.  aLas Piñas City, Philippines : bSouthville International School and Colleges, c2010. a38 pages :billustrations ;c28 cm. aIncludes bibliographical references. aMusselsvEffect of Salmonella on growth. aMussel culturezPhilippines—Bacoor Bay. aSalmonella in shellfish. aShellfish—Contamination.  aFoodborne pathogens in aquaculture. 2lcccPASS c98332d98332 00102lcc40aLUXbLUXcPASSd2010-09-02eDONATIONl0oPGS SH 365.5.S25 .C142 2010pP2431r2014-04-08 00:00:00w2014-04-08yPASS